<?xml version="1.0" encoding="UTF-8"?>
<marc:record xmlns:marc="http://www.loc.gov/MARC21/slim">
   <marc:leader>00000nam a2200000 a 4500</marc:leader>
   <marc:datafield ind1="1" ind2=" " tag="100">
      <marc:subfield code="a">Hunger, Anton</marc:subfield>
      <marc:subfield code="4">aut</marc:subfield>
      <marc:subfield code="e">Verfasser/-in</marc:subfield>
   </marc:datafield>
   <marc:datafield ind1=" " ind2=" " tag="653">
      <marc:subfield code="a">Kritischer Journalismus</marc:subfield>
   </marc:datafield>
   <marc:datafield ind1=" " ind2=" " tag="653">
      <marc:subfield code="a">investigativer Journalismus</marc:subfield>
   </marc:datafield>
   <marc:datafield ind1=" " ind2=" " tag="653">
      <marc:subfield code="a">Bekämpfung von Korruption und Steuerflucht</marc:subfield>
   </marc:datafield>
   <marc:datafield ind1=" " ind2=" " tag="653">
      <marc:subfield code="a">spannende Einblicke in journalistische Recherche</marc:subfield>
   </marc:datafield>
   <marc:datafield ind1=" " ind2=" " tag="653">
      <marc:subfield code="a">Softcover / Belletristik/Gegenwartsliteratur (ab 1945)</marc:subfield>
   </marc:datafield>
   <marc:datafield ind1=" " ind2=" " tag="653">
      <marc:subfield code="a">Fiktionale Darstellung</marc:subfield>
   </marc:datafield>
   <marc:datafield ind1=" " ind2=" " tag="653">
      <marc:subfield code="a">Erzählende Literatur: Gegenwartsliteratur ab 1945</marc:subfield>
   </marc:datafield>
   <marc:datafield ind1="0" ind2="0" tag="245">
      <marc:subfield code="a">Der Pakt mit dem Teufel</marc:subfield>
   </marc:datafield>
   <marc:datafield ind1="0" ind2="0" tag="245">
      <marc:subfield code="b">Kriminalroman</marc:subfield>
   </marc:datafield>
   <marc:datafield ind1="0" ind2="0" tag="245">
      <marc:subfield code="c">Anton Hunger</marc:subfield>
   </marc:datafield>
   <marc:datafield ind1=" " ind2="1" tag="264">
      <marc:subfield code="a">Tübingen</marc:subfield>
      <marc:subfield code="b">Klöpfer &amp; Meyer</marc:subfield>
   </marc:datafield>
   <marc:datafield ind1="1" ind2=" " tag="520">
      <marc:subfield code="a">Angaben aus der Verlagsmeldung

Der Pakt mit dem Teufel : Kriminalroman / von Anton Hunger

Der Journalist Tom Schollemer ist einer heißen Sache auf der Spur: Geldwäsche, Korruption, Waffenschieberei. Im Zentrum ein hoch angesehener deutscher Politiker, der von der georgischen Mafia bestochen wird. Doch dann wird sein Informant, der Detektiv Igor Schukow, mit einem Betonklotz am Körper tot im Brunnanger Weiher gefunden. Für die Staatsanwaltschaft und die Kripobeamten war das klarer Selbstmord, ein Fremdverschulden sei auszuschließen. Tom Schollemer aber glaubt dem Suizid-Befund nicht, er beißt sich in diesem aussichtslosen Fall fest. Sein Chefredakteur und die Kollegen halten ihn für verrückt. Da platzt die Meldung herein, der griechische Steuereintreiber Kostas Karabelas sei im Wald an einem Baum erhängt aufgefunden worden. Angeblich Selbstmord. Für Tom Schollemer ist diese Ermittlungsbehauptung so wenig glaubwürdig wie das polizeiliche Testat zum Tod des Detektivs Schukow. Dem Chefredakteur trotzt er trickreich eine Dienstreise nach Athen ab, die er nach zwei Überfällen nur knapp überlebt. Doch eben die beiden Überfälle bringen ihn auf die Spur der georgischen Mafia. Der zuständige Kriminalbeamte lässt Tom Schollemer regelmäßig auflaufen. Weil der Reporter aber nicht aufgibt, bietet er ihm einen Pakt an. Es ist ein Pakt mit dem Teufel.
</marc:subfield>
   </marc:datafield>
   <marc:datafield ind1=" " ind2=" " tag="020">
      <marc:subfield code="a">9783863514556</marc:subfield>
      <marc:subfield code="9">9783863514556</marc:subfield>
   </marc:datafield>
   <marc:datafield ind1=" " ind2=" " tag="020">
      <marc:subfield code="a">3863514556</marc:subfield>
      <marc:subfield code="9">3863514556</marc:subfield>
   </marc:datafield>
   <marc:datafield ind1=" " ind2=" " tag="041">
      <marc:subfield code="a">ger</marc:subfield>
   </marc:datafield>
   <marc:datafield ind1=" " ind2=" " tag="300">
      <marc:subfield code="a">277 Seiten</marc:subfield>
   </marc:datafield>
</marc:record>
